Programming in Visual Basic 6.0 (Record no. 209928)

MARC details
000 -LEADER
fixed length control field 00522nam a2200205Ia 4500
008 - FIXED-LENGTH DATA ELEMENTS--GENERAL INFORMATION
fixed length control field 240823s9999||||xx |||||||||||||| ||und||
020 ## - INTERNATIONAL STANDARD BOOK NUMBER
International Standard Book Number 978-0-07-463521-6
082 ## - DEWEY DECIMAL CLASSIFICATION NUMBER
-- 005.133 P8
100 ## - MAIN ENTRY--PERSONAL NAME
Personal name "Bradley,Julia Case"
245 #0 - TITLE STATEMENT
Title Programming in Visual Basic 6.0
250 ## - EDITION STATEMENT
Edition statement 1st
260 ## - PUBLICATION, DISTRIBUTION, ETC. (IMPRINT)
Date of publication, distribution, etc 2008
Name of publisher, distributor, etc "TMH,New Delhi"
500 ## - GENERAL NOTE
General note TRANSFERED
650 ## - SUBJECT ADDED ENTRY--TOPICAL TERM
Topical term or geographic name as entry element Visual Basic
700 ## - ADDED ENTRY--PERSONAL NAME
Personal name Millspaugh.Anita C
942 ## - ADDED ENTRY ELEMENTS (KOHA)
Item type Books
Holdings
Withdrawn status Lost status Damaged status Permanent location Current location Shelving location Date acquired Source of acquisition Cost, normal purchase price Full call number Barcode Date last seen Koha item type
      CENTRAL LIBRARY, NOORUL ISLAM CENTRE FOR HIGHER EDUCATION CENTRAL LIBRARY, NOORUL ISLAM CENTRE FOR HIGHER EDUCATION   03/10/2014 Gift From Department 345.00 005.133 P8 60196 08/23/2024 Books
Visitors:
Copyright © 2024 Central Library NICHE.  All rights reserved.